000 003010000a22001450004500
003 MACL
040 _aMACL
090 _c36567
_d36565
100 _aMende, Tibor
245 _aChina and her Shadow
260 _bThames and Hudson
_c1961
350 _a35
650 _aHistory
942 _cBOOK
_k931/MEN
999 _c36172
_d36172